Εφαρμογή της Τεχνολογίας RFID στα Εμπορευματοκιβώτια της CIMC (Record no. 8621)
[ view plain ]
| 000 -LEADER | |
|---|---|
| fixed length control field | 02011cam a22001934a 4500 |
| 005 - ΗΜΕΡΟΜΗΝΙΑ ΚΑΙ ΩΡΑ ΤΕΛΕΥΤΑΙΑΣ ΕΝΗΜΕΡΩΣΗΣ | |
| Πεδίο ελέγχου | 20250605164341.0 |
| 008 - FIXED-LENGTH DATA ELEMENTS--GENERAL INFORMATION | |
| Πεδίο ελέγχου σταθερού μήκους | 250528s ||||||||||||||||||||||||d |
| 035 ## - SYSTEM CONTROL NUMBER | |
| System control number | 23621 |
| 040 ## - ΠΗΓΗ ΚΑΤΑΛΟΓΟΓΡΑΦΗΣΗΣ | |
| Φορέας πρωτότυπης καταλογογράφησης | MC Athens Campus Library |
| Γλώσσα καταλογογράφησης | Ελληνικά, Μοντέρνα (1453-) |
| Modifying agency | MC Athens Campus Library |
| Κανόνες περιγραφικής καταλογογράφησης | AACR2 |
| 245 1# - ΤΙΤΛΟΣ ΚΑΙ ΔΗΛΩΣΗ ΥΠΕΥΘΥΝΟΤΗΤΑΣ | |
| Τίτλος | Εφαρμογή της Τεχνολογίας RFID στα Εμπορευματοκιβώτια της CIMC |
| 260 ## - PUBLICATION, DISTRIBUTION, ETC. | |
| Date of publication, distribution, etc. | 2014 |
| 300 ## - PHYSICAL DESCRIPTION | |
| Extent | 44 |
| 520 ## - SUMMARY, ETC. | |
| Summary, etc. | Εισαγωγή, Ιστορική Αναδρομή στην Εξέλιξη της Τεχνολογίας RFID, Ανάλυση του Κλάδου των Logistics, Δομή και Χαρακτηριστηκά της Τεχνολογίας RFID, η Ετικέτα, ο Αναγνώστης, το Ενδιάμεσο Λογισμικό, Ασφάλεια Δεδομένων των Ετικέτων RFID, Άπειλες, Μέτρα Προστασίας Δεδομένων, Εφαρμογές του Συστήματος RFID, Εφαρμογές στην Εφοδιαστική, Πλεονεκτήματα Χρήσης του Συστήματος RFID, Μειονεξτήματα Χρήσης του Συστήματος RFID, Εφαρμογή του Συστήματος RFID στη Διαχείρηση Εμπορευματοκιβωτιών, Μεθοδολογία, Μελέτη Περίπτωσεις: Υλοποίηση Εφαρμογής της Τεχνολογίας RFID στην CIMC Ltd, το Προφίλ, Εφαρμογή της Τεχνολογίας RFID, Αξιολόγηση Νέας Τεχνολογίας και Ορισμός Στόχων, Ανάλυση της Υπάρχουσας Κατάστασης, Σχεδιασμός Συστήματος, Δοκιμές Πρωτότυπου, Εφαρμιγή, Συνεχής Βελτίωση, Αποτέλεσμα, Προτάσεις, Βιβλιογραφικές Αναφορές. |
| 700 1# - ΠΡΟΣΘΕΤΗ ΑΝΑΓΡΑΦΗ--ΦΥΣΙΚΟ ΠΡΟΣΩΠΟ | |
| Personal name | Μπουσδέκης Αλέξανδρος |
| 9 (RLIN) | 9211 |
| 700 1# - ΠΡΟΣΘΕΤΗ ΑΝΑΓΡΑΦΗ--ΦΥΣΙΚΟ ΠΡΟΣΩΠΟ | |
| Personal name | Ρομποτή Κονδυλίας |
| 9 (RLIN) | 9212 |
| 942 ## - ADDED ENTRY ELEMENTS (KOHA) | |
| Koha item type | Διπλωματική εργασία |
| Τύπος τεκμηρίου | Βιβλιοθήκη | Τρέχουσα τοποθεσία | Barcode | Ημερομηνία απόκτησης | Ταξιθετικό σύμβολο | Αριθμός αντιτύπου | Κατάσταση απόσυρσης | Κατάσταση χαμένου | Κατάσταση κατεστραμμένου | Μη δανεισμός | Σύνολο δανεισμών | Ημερομηνία τελευταίας εμφάνισης | Η τιμή ισχύει από |
|---|---|---|---|---|---|---|---|---|---|---|---|---|---|
| Διπλωματική εργασία | MC Athens Campus Library | MC Athens Campus Library | 9780000086204 | 05/06/2025 | BUS 2014 (38) | 1 | 05/06/2025 | 05/06/2025 |